000 00281nam a2200121Ia 4500
008 190216s9999||||xx |||||||||||||| ||und||
100 _aRabindranath Tagore
245 0 _aThree Plays
260 _bUniversity Press
_c1954
300 _a157p
650 _aEnglish Drama
942 _cBK
999 _c11618
_d11618